| 000 | 01091nam0a22002891 4500 | ||
|---|---|---|---|
| 001 | v19\rc\1983685 | ||
| 005 | 20260406202931.0 | ||
| 035 | _a(NLR Aleph) 005066534 | ||
| 090 |
_a7050970 _c7050970 |
||
| 100 | _a20080623d1914 u y0rusy50 ca | ||
| 101 | 0 | _arus | |
| 102 | _aRU | ||
| 105 | _ay z ||||| | ||
| 200 | 1 | _aПроект правил внутреннего распорядка Саратовской губернской ученой архивной комиссии | |
| 210 |
_aСаратов _cтип. Л.А. Аметист _d1914 |
||
| 215 |
_a20 с. _d24 |
||
| 500 | _aПравила внутреннего распорядка Саратовской губернской ученой архивной комиссии | ||
| 710 | 0 | 2 |
_aСаратовская ученая архивная комиссия _3RU\NLR\AUTH\889962988 _9422279 |
| 801 | 0 |
_aRU _bNLR _gpsbo |
|
| 801 | 0 |
_aRU _bRuMoRGB _2psbo |
|
| 801 | 1 |
_aRU _bProSoft-M _2rusmarc |
|
| 852 |
_aNLR _j40.4.7.97 |
||
| 899 |
_aRuMoRGB _jV 572/1067 |
||
| 899 | _aБАН | ||
| 899 | _aГПИБ | ||
| 942 | _cBOOK | ||
| 980 | _aNB | ||